Statics and mechanics of materials (Record no. 3117)

000 -LEADER
fixed length control field 00563nam a2200205 a 4500
001 - CONTROL NUMBER
control field 3117
003 - CONTROL NUMBER IDENTIFIER
control field BD-DhUET
008 - FIXED-LENGTH DATA ELEMENTS--GENERAL INFORMATION
fixed length control field 040604s2004 njua 001 0 eng
020 ## - INTERNATIONAL STANDARD BOOK NUMBER
International Standard Book Number 9780133451603
040 ## - CATALOGING SOURCE
Original cataloging agency DLC
Transcribing agency DLC
Modifying agency BD-DhUET
082 00 - DEWEY DECIMAL CLASSIFICATION NUMBER
Classification number 620.11
Item number HIB/2014
100 1# - MAIN ENTRY--PERSONAL NAME
Personal name Hibbeler, R. C.
245 10 - TITLE STATEMENT
Title Statics and mechanics of materials
Statement of responsibility, etc. by R.C. Hibbeler.
250 ## - EDITION STATEMENT
Edition statement 4th ed
260 ## - PUBLICATION, DISTRIBUTION, ETC. (IMPRINT)
Place of publication, distribution, etc. BOston :
Name of publisher, distributor, etc. Pearson,
Date of publication, distribution, etc. 2014.
300 ## - PHYSICAL DESCRIPTION
Extent xxiv,877p. :
Other physical details ill. ;
Dimensions 25 cm.
650 #0 - SUBJECT ADDED ENTRY--TOPICAL TERM
Topical term or geographic name as entry element Strength of materials
650 #0 - SUBJECT ADDED ENTRY--TOPICAL TERM
Topical term or geographic name as entry element Structural analysis (Engineering)
942 ## - ADDED ENTRY ELEMENTS (KOHA)
Koha item type General Book
Holdings
Koha date last seen Koha normalized classification for sorting Koha full call number Price effective from Lost status Withdrawn status Piece designation (barcode) Sublocation or collection (holding branch) Koha renewals Shelving location Source of classification or shelving scheme Location (home branch) Koha out on loan Date acquired Damaged status Koha issues (times borrowed) Not for loan Copy number Koha item type Koha date last borrowed
2025-11-30620_000000000000000_11MIB2014620.11/MIB/20142014-10-20  112837Central Library, BUET Circulation section Central Library, BUET2025-12-142014-10-20 12 1General Book2025-11-30
2025-11-30620_000000000000000_11MIB2014620.11/MIB/20142014-10-20  112841Central Library, BUET2Circulation section Central Library, BUET2025-12-142014-10-20 7 2General Book2025-11-30